Latin American Geography A-Z - Statistics

General Stats
  • This quiz has been taken 509 times
    482 since last reset
  • The average score is 11 of 26
Answer Stats
Letter Clue Answer % Correct
A World's largest river by discharge volume of water Amazon River
97%
B Country where most of the above runs through Brazil
95%
H Nation that achieved independence through a slave revolt in the early 19th-century Haiti
82%
N The largest country in Central America, comprising an estimated area of more than 130,000 km² Nicaragua
82%
D Island Caribbean country and one of only two sovereign nations whose official flag features the color purple Dominica
80%
F In 1982, Argentina engaged into conflict with the United Kingdom regarding the control over this territory Falkland Islands
76%
G Cuban bay that houses a controversial American prison Guantanamo
75%
V Country with the largest known oil reserves Venezuela
71%
S Caribbean capital and the oldest continuously inhabited European settlement in the Americas Santo Domingo
62%
C Peruvian city and former capital of the Inca Empire Cusco
58%
Y Peninsula impacted by an asteroid that is believed to have caused the extinction of the dinosaurs and many other species about 66 million years ago Yucatán Peninsula
57%
T South America's largest lake by volume of water and by surface area Titicaca
56%
I Rio de Janeiro beach, mentioned in a classic bossa nova song Ipanema
54%
Q Indigenous language family spoken by various Andean peoples Quechua
43%
R Argentina's third-most populous city and the birthplace of revolutionary Che Guevara and footballer Lionel Messi Rosario
39%
M Southern trade bloc, somewhat equivalent to the European Union Mercosur
17%
P Bolivian city where a 16th-century silver boom took place Potosí
13%
Z Capital and largest city of the Zacatecas state Zacatecas City
11%
O Highest volcano in the world (6,893m / 22,615 ft) Ojos del Salado
7%
E Main venue of the first FIFA World Cup and the only stadium to have been recognised as a 'Historical Monument of World Football' Estadio Centenario
6%
J Easternmost city in the American continent João Pessoa
6%
U Often regarded as the best Latin American university Universidade de São Paulo (USP)
6%
X Mexico City borough and World Heritage Site, renowned for its canals and trajineras (colourful gondola-like boats) Xochimilco
4%
L Highest city (hereby defined as a permanent settlement) in the world (5,100m / 16,700 ft) La Rinconada
2%
K Cuban airport that served over 330,000 people fleeing to the United States during the 'Freedom Flights' Kawama Airport
1%
W Honduran municipality located in the department of Gracias a Dios Wampusirpi
0%
No matching quizzes found
Score Distribution
Percent of People with Each Score
Percentile by Number Answered
Your Score History
You have not taken this quiz since the last reset